000 00648cam a2200181 i 4500
005 20251203114019.0
008 250721s1983 su gr 000 0 ara d
082 1 4 _a214.2
_bن ج ن
100 1 _aالنجار، محمد الطيب.
_eمؤلف.
245 1 0 _aتاريخ الأنبياء في ضوء القران الكريم و السنة النبوية /
_cتاليف محمد الطيب النجار.
250 _aالطبعة الثانيه.
264 3 1 _aالرياض :
_bمكتبة المعارف،
_c1983.
300 _a299صفحة.
650 1 7 _aالنبوة.
650 1 7 _aالأنبياء.
942 _2ddc
_cBK
999 _c775
_d775